000
00369nam a2200157Ia 4500
008
151213s9999 xx 000 0 und d
100
_a
M. Hirschey
245
_a
Managerial Economics
_c
M. Hirschey
250
_a
7th
260
_a
New York
_b
Dryden
_c
1993
300
_a
2719 p.
650
_a
Economics
650
_a
Economics
700
_a
M. Hirschey
999
_c
1830
_d
1830